Catálogo público

Ensayos toxicológicos para la evaluación de sustancias químicas en agua y suelo : (Record no. 208293)

MARC details
000 -CABECERA
campo de control de longitud fija 00929nam a2200289Ia 4500
001 - NÚMERO DE CONTROL
campo de control Para_9619
003 - IDENTIFICADOR DEL NÚMERO DE CONTROL
campo de control CHAP
008 - DATOS DE LONGITUD FIJA--INFORMACIÓN GENERAL
campo de control de longitud fija 220125s2008 xx 000 0 und d
010 ## - NÚMERO DE CONTROL DE LA BIBLIOTECA DEL CONGRESO
Número de control de LC 208293
040 ## - FUENTE DE LA CATALOGACIÓN
Centro/agencia transcriptor CHAP
082 ## - NÚMERO DE LA CLASIFICACIÓN DECIMAL DEWEY
Número de clasificación PA 615.907 E59
245 ## - MENCIÓN DE TÍTULO
Título Ensayos toxicológicos para la evaluación de sustancias químicas en agua y suelo :
Resto del título la experiencia en México /
Mención de responsabilidad, etc. compiladoras Patricia Ramírez Romero y Ania Mendoza Cantú
260 ## - PUBLICACIÓN, DISTRIBUCIÓN, ETC.
Lugar de publicación, distribución, etc. México :
Nombre del editor, distribuidor, etc. SEMARNAT
300 ## - DESCRIPCIÓN FÍSICA
Extensión 414 p.
650 ## - PUNTO DE ACCESO ADICIONAL DE MATERIA--TÉRMINO DE MATERIA
Término de materia o nombre geográfico como elemento de entrada Agua
Subdivisión general análisis
9 (RLIN) 2280
650 ## - PUNTO DE ACCESO ADICIONAL DE MATERIA--TÉRMINO DE MATERIA
Término de materia o nombre geográfico como elemento de entrada Suelos
Subdivisión general análisis
9 (RLIN) 110204
650 ## - PUNTO DE ACCESO ADICIONAL DE MATERIA--TÉRMINO DE MATERIA
Término de materia o nombre geográfico como elemento de entrada Toxicología
9 (RLIN) 114454
700 ## - PUNTO DE ACCESO ADICIONAL--NOMBRE DE PERSONA
Nombre de persona II. Mendoza Cantú, Ania, coord.
9 (RLIN) 174612
700 ## - PUNTO DE ACCESO ADICIONAL--NOMBRE DE PERSONA
Nombre de persona Ramírez Romero, Patricia, coord.
9 (RLIN) 174613
901 ## - ELEMENTOS DE DATOS A LOCAL LDA (RLIN)
a PA 615.907 E59
902 ## - ELEMENTOS DE DATOS B LOCAL, LDB (RLIN)
a M
905 ## - ELEMENTOS DE DATOS E LOCAL, LDE (RLIN)
a 5231272008 mx an 8112222321spa11
910 ## - DATOS DE OPCIÓN DEL USUARIO (OCLC)
Datos de opción del usuario 2008
942 ## - ELEMENTOS DE PUNTO DE ACCESO ADICIONAL (KOHA)
Tipo de ítem Koha Parasitologia_
942 ## - ELEMENTOS DE PUNTO DE ACCESO ADICIONAL (KOHA)
Tipo de ítem Koha Parasitologia_
-- 1
Holdings
Estado de retiro Estado de pérdida Fuente del sistema de clasificación o colocación Estado dañado Restricciones de uso No para préstamo Código de colección Localización permanente Ubicación/localización actual Fecha de adquisición Número de inventario Total de préstamos Signatura topográfica completa Código de barras Fecha visto por última vez Número de copia Precio válido a partir de Tipo de ítem Koha Nota pública
    Dewey Decimal Classification   Préstamo interno   General Parasitologia Agricola Parasitologia Agricola 28/01/2011 (PA_09622) (No. UACh C/E)   PA 615.907 E59 4102001278 25/01/2022 Ej.1 25/01/2022 Libro 3